000 00575nam a22002177a 4500
003 OSt
005 20140310181934.0
008 130723t xxu||||| |||| 00| 0 eng d
020 _a1853261610
050 _aPR 5484.B3
_b.St847 1995
082 _aCLA St4b
_b1995
100 _aStevenson, Robert Louis
_91663
245 _aThe black arrow
_cStevenson, Robert Louis
260 _aDenmark :
_bWordsworth Editions Ltd,
_cc1995.
300 _a271 p.
_c17 cm.
541 _j1
541 _j2
562 _e2
650 _aClassics
_92808
942 _2lcc
_cBBK
_kCLA
999 _c7507
_d7507